| 000 | 00456cam a2200157 4500500 | ||
|---|---|---|---|
| 005 | 20251012032606.0 | ||
| 041 | _afre | ||
| 042 | _adc | ||
| 100 | 1 | 0 |
_aGozard, Isabelle _eauthor |
| 700 | 1 | 0 |
_a Le Moing, Monique _eauthor |
| 245 | 0 | 0 | _aPublications |
| 260 | _c2006. | ||
| 500 | _a18 | ||
| 786 | 0 | _nSigila | 18 | 2 | 2006-12-20 | p. 209-216 | 1286-1715 | |
| 856 | 4 | 1 | _uhttps://shs.cairn.info/revue-sigila-2006-2-page-209?lang=fr&redirect-ssocas=7080 |
| 999 |
_c1547744 _d1547744 |
||